000 00337nam a22000977a 4500
008 140128b xxu||||| |||| 00| 0 eng d
020 _a139780070604605
_cAvailable
082 _2Second Ed
_a621.3KHA
_b001454
245 _aHandbook of Analytical Instruments
_cKhandpur R S
260 _aNew Delhi
_bTata McGraw-Hill Publishing Company Limited
_c2006
999 _c23809
_d23809